[Event "XXXIII Festival Conca della Presolana A"]
[Site "Bratto - Castione della Presolana ITA"]
[Date "2013.08.21"]
[Round "4"]
[White "Foglieni, Matteo"]
[Black "Raselli, Claudio"]
[WhiteElo "1809"]
[BlackElo "1910"]
[Result "1-0"]
[PlyCount "77"]
[EventDate "2013.08.18"]

1. Nf3 d5 2. g3 Nf6 3. Bg2 c5 4. O-O Nc6 5. d3 Bg4 6. Nbd2 e6 7. c3 Be7 8. e4
dxe4 9. dxe4 O-O 10. Qc2 Qc7 11. Nc4 b5 12. Ne3 Bxf3 13. Bxf3 Ne5 14. Bg2 Rad8
15. a4 a6 16. axb5 axb5 17. f4 Neg4 18. c4 Nxe3 19. Bxe3 Ng4 20. Bc1 bxc4 21.
Ra4 Qd7 22. Rxc4 Qd3 23. Re1 Qxc2 24. Rxc2 Rd7 25. Bf3 Nf6 26. Be3 Rb7 27. Rd1
Rb3 28. Kf2 Rfb8 29. Rdd2 c4 30. Ba7 R8b7 31. Bd4 Rd3 32. Rxd3 cxd3 33. Rc8+
Bf8 34. e5 Nd5 35. Bxd5 exd5 36. Bc5 Rxb2+ 37. Ke3 h6 38. Rxf8+ Kh7 39. Kxd3
1-0

[Event "XXXIII Festival Conca della Presolana A"]
[Site "Bratto - Castione della Presolana ITA"]
[Date "2013.08.21"]
[Round "4"]
[White "Gagliardi, Claudio"]
[Black "Oppici, Gabriele"]
[WhiteElo "1766"]
[BlackElo "2002"]
[Result "1-0"]
[PlyCount "137"]
[EventDate "2013.08.18"]

1. e4 Nc6 2. Nf3 d6 3. Bb5 Nf6 4. d3 Bd7 5. c3 g6 6. O-O Bg7 7. Re1 O-O 8. h3
a6 9. Bc4 Na5 10. Bb3 Nxb3 11. Qxb3 Rb8 12. Bf4 e5 13. Bh2 Nh5 14. d4 Be6 15.
Qc2 exd4 16. cxd4 Bh6 17. Nc3 Nf4 18. Ne2 Nxe2+ 19. Rxe2 Rc8 20. b4 Re8 21. Rd1
Bd7 22. e5 d5 23. a4 Qe7 24. Qb3 Red8 25. Bg3 Qe8 26. Ra1 g5 27. Nh2 Bg7 28. f4
h6 29. fxg5 hxg5 30. Rf2 Be6 31. Raf1 Qc6 32. Ng4 Bxg4 33. hxg4 Rf8 34. Qe3 Qg6
35. Rf5 Bh6 36. Rf6 Qg7 37. Be1 Rce8 38. Qh3 Kh7 39. Qd3+ Kg8 40. R1f3 Re6 41.
b5 Rxf6 42. Rxf6 axb5 43. axb5 Qh7 44. Qxh7+ Kxh7 45. Bd2 Bg7 46. Rf5 f6 47.
Bb4 Rd8 48. e6 Re8 49. e7 c6 50. bxc6 bxc6 51. Kf2 Kg6 52. Ke3 Kf7 53. Kd3 Ra8
54. Rf2 Ke8 55. Rc2 Rb8 56. Bc5 Rb3+ 57. Rc3 Rb8 58. Ra3 Rc8 59. Ra7 Bh8 60.
Kc3 f5 61. gxf5 Bf6 62. g4 Bg7 63. Rb7 Bf6 64. Kb4 Ra8 65. Rc7 Rb8+ 66. Ka5 Kf7
67. Rxc6 Bxe7 68. Rc7 Re8 69. Rxe7+ 1-0

[Event "XXXIII Festival Conca della Presolana A"]
[Site "Bratto - Castione della Presolana ITA"]
[Date "2013.08.21"]
[Round "4"]
[White "Gardi, Giuseppe"]
[Black "Domenighini, Alessandro"]
[WhiteElo "1999"]
[BlackElo "1763"]
[Result "1-0"]
[PlyCount "99"]
[EventDate "2013.08.18"]

1. d4 d5 2. c4 e6 3. cxd5 exd5 4. Nf3 Nf6 5. Nc3 h6 6. Bf4 c6 7. e3 Bf5 8. Bd3
Bxd3 9. Qxd3 Nbd7 10. h3 Bb4 11. O-O O-O 12. Rfc1 Re8 13. a3 Bf8 14. b4 Ne4 15.
b5 g5 16. Bh2 f5 17. bxc6 bxc6 18. Ne5 Nxe5 19. Bxe5 Bd6 20. Ne2 Rxe5 21. dxe5
Bxe5 22. Rab1 Qd6 23. Rf1 g4 24. hxg4 fxg4 25. g3 Rf8 26. Nf4 Bxf4 27. exf4 h5
28. Rb7 h4 29. Qd4 Qh6 30. gxh4 Rxf4 31. Rb8+ Rf8 32. Qe5 Rxb8 33. Qxb8+ Kf7
34. Qc7+ Kg8 35. Rb1 Qg7 36. Qc8+ Qf8 37. Qxg4+ Kh8 38. Qh5+ Kg8 39. Qg6+ Kh8
40. Qh5+ Kg8 41. Qg4+ Kh8 42. Rb2 a5 43. Kg2 a4 44. f3 Nd6 45. Kh3 Qf5 46. Rb6
Qxg4+ 47. fxg4 Nc4 48. Rxc6 Nxa3 49. Ra6 Nb5 50. Rxa4 1-0

[Event "XXXIII Festival Conca della Presolana A"]
[Site "Bratto - Castione della Presolana ITA"]
[Date "2013.08.21"]
[Round "4"]
[White "Gemelli, Giovanni"]
[Black "Boccalatte, Piero"]
[WhiteElo "1842"]
[BlackElo "1972"]
[Result "1/2-1/2"]
[PlyCount "44"]
[EventDate "2013.08.18"]

1. e4 c6 2. d4 d5 3. exd5 cxd5 4. c4 Nf6 5. Nc3 e6 6. cxd5 Nxd5 7. Bc4 Bb4 8.
Bd2 O-O 9. a3 Be7 10. Nf3 Nb6 11. Ba2 Nc6 12. Be3 Na5 13. O-O Nac4 14. Qe2 Nd6
15. Rfd1 Bf6 16. Rac1 Qe7 17. Bf4 Rd8 18. d5 exd5 19. Qxe7 Bxe7 20. Nxd5 Nxd5
21. Bxd5 Ne8 22. Ne5 Nd6 1/2-1/2

[Event "XXXIII Festival Conca della Presolana A"]
[Site "Bratto - Castione della Presolana ITA"]
[Date "2013.08.21"]
[Round "4"]
[White "Grazzi, Roberto"]
[Black "Bosticardo, Tommaso"]
[WhiteElo "2021"]
[BlackElo "1900"]
[Result "1-0"]
[PlyCount "109"]
[EventDate "2013.08.18"]

1. e4 e5 2. Nf3 Nc6 3. d4 exd4 4. Nxd4 Nf6 5. Nxc6 bxc6 6. e5 Qe7 7. Qe2 Nd5 8.
c4 Ba6 9. b3 g6 10. g3 Bg7 11. f4 O-O-O 12. Bg2 f6 13. Bb2 Rde8 14. O-O fxe5
15. Qf2 Nb6 16. Re1 Qf7 17. Bxe5 Bxe5 18. fxe5 Qxf2+ 19. Kxf2 Rhf8+ 20. Kg1 c5
21. Nc3 Rf5 22. e6 Rxe6 23. Rxe6 dxe6 24. Re1 Bb7 25. Bxb7+ Kxb7 26. Rxe6 Rf7
27. Ne4 Nd7 28. Ng5 Rf6 29. Re7 Rd6 30. Nxh7 Kc8 31. Kf2 Kd8 32. Re2 Nf6 33.
Nxf6 Rxf6+ 34. Kg2 Kd7 35. h4 Rd6 36. Kf3 a5 37. a4 Rd4 38. g4 Kd6 39. Re3 c6
40. Kg3 Rd1 41. Kf4 Rh1 42. Kg5 Rh2 43. Kxg6 Rxh4 44. g5 Rg4 45. Kf6 Rg1 46.
Rd3+ Kc7 47. g6 Rf1+ 48. Kg7 Rf2 49. Kg8 Rg2 50. g7 Rg1 51. Rf3 Rd1 52. Kf7
Rd7+ 53. Kg6 Rd6+ 54. Kh7 Rd7 55. Kh8 1-0

[Event "XXXIII Festival Conca della Presolana A"]
[Site "Bratto - Castione della Presolana ITA"]
[Date "2013.08.21"]
[Round "4"]
[White "Iasman, Inna"]
[Black "Benazzo, Angelo"]
[WhiteElo "1970"]
[BlackElo "1788"]
[Result "1-0"]
[PlyCount "105"]
[EventDate "2013.08.18"]

1. d4 g6 2. c4 Bg7 3. Nc3 d6 4. e4 c6 5. Be2 h6 6. Nf3 Bg4 7. Be3 Nd7 8. h3
Bxf3 9. Bxf3 e5 10. d5 c5 11. Rb1 a6 12. a3 Rb8 13. Be2 Ne7 14. b4 Qc7 15. Qa4
O-O 16. b5 f5 17. f3 fxe4 18. fxe4 Nb6 19. Qb3 a5 20. Bf3 g5 21. O-O Ng6 22.
Bg4 Rxf1+ 23. Rxf1 Rf8 24. Bf5 Rf6 25. Na4 Nxa4 26. Qxa4 b6 27. Qd1 Nf8 28. a4
Kh8 29. Qg4 Qf7 30. Rf2 Qe8 31. h4 gxh4 32. Qxh4 Kg8 33. Rf3 Qf7 34. Rg3 Rxf5
35. exf5 Qxf5 36. Qxh6 Qb1+ 37. Kh2 Qh7 38. Rg4 Kf7 39. Qxh7 Nxh7 40. Bd2 Nf6
41. Rh4 Kg6 42. Kg3 Kf5 43. Kf3 Ng8 44. Rh5+ Kg6 45. g4 Nf6 46. Rg5+ Kf7 47.
Rf5 Kg6 48. Be1 Ng8 49. Rh5 Nf6 50. Rh1 Bh6 51. Bh4 Bf4 52. Bxf6 Kxf6 53. Rh7
1-0

[Event "XXXIII Festival Conca della Presolana A"]
[Site "Bratto - Castione della Presolana ITA"]
[Date "2013.08.21"]
[Round "4"]
[White "Lazzarini, Sabrina"]
[Black "Hunt, Caro"]
[WhiteElo "1824"]
[BlackElo "1833"]
[Result "1-0"]
[PlyCount "65"]
[EventDate "2013.08.18"]

1. e4 d5 2. exd5 Qxd5 3. Nc3 Qa5 4. Bc4 Nf6 5. d3 Bg4 6. f3 Bh5 7. Bd2 c6 8.
Qe2 Nbd7 9. g4 Bg6 10. f4 h6 11. f5 Bh7 12. Nb5 cxb5 13. Bxa5 bxc4 14. dxc4 b6
15. Bb4 O-O-O 16. O-O-O g6 17. fxg6 Bxg6 18. h3 Be4 19. Nf3 e6 20. Bc3 Bg7 21.
Rhe1 Rhg8 22. Ne5 Nc5 23. Nxf7 Rxd1+ 24. Rxd1 Bc6 25. Nd6+ Kb8 26. Rf1 Nfd7 27.
Bxg7 Rxg7 28. Qe3 Rh7 29. Nf7 Kc8 30. Nxh6 e5 31. g5 Ne6 32. g6 Rg7 33. Nf5 1-0

[Event "XXXIII Festival Conca della Presolana A"]
[Site "Bratto - Castione della Presolana ITA"]
[Date "2013.08.21"]
[Round "4"]
[White "Macario, Marco"]
[Black "Perico, Gianvittorio"]
[WhiteElo "1848"]
[BlackElo "1875"]
[Result "0-1"]
[PlyCount "48"]
[EventDate "2013.08.18"]

1. e4 c5 2. Nc3 e6 3. Nf3 d6 4. d4 cxd4 5. Nxd4 a6 6. Be3 Nf6 7. Bd3 Be7 8. O-O
O-O 9. f4 Nbd7 10. f5 e5 11. Nb3 b5 12. a3 Bb7 13. g4 d5 14. g5 d4 15. gxf6
Nxf6 16. Nxb5 axb5 17. Bc1 Nxe4 18. Qg4 Nf6 19. Qg3 Qd5 20. Be2 Qh1+ 21. Kf2
Ne4+ 22. Ke1 Nxg3 23. Rxh1 Nxh1 24. Kf1 Bh4 0-1

[Event "XXXIII Festival Conca della Presolana A"]
[Site "Bratto - Castione della Presolana ITA"]
[Date "2013.08.21"]
[Round "7"]
[White "Michel, Steve"]
[Black "Bosticardo, Tommaso"]
[WhiteElo "1979"]
[BlackElo "1900"]
[Result "0-1"]
[PlyCount "52"]
[EventDate "2013.08.18"]

1. d4 d5 2. c4 e6 3. Nc3 Nf6 4. cxd5 exd5 5. Bg5 Be7 6. Qc2 O-O 7. e3 c6 8. Nf3
Nbd7 9. Bd3 Re8 10. h3 Nf8 11. Bf4 Ng6 12. Bh2 Bd6 13. Bxd6 Qxd6 14. O-O-O b5
15. Kb1 Nd7 16. e4 b4 17. Na4 Nb6 18. e5 Qb8 19. Ng5 a5 20. Nc5 Nd7 21. e6 fxe6
22. Bxg6 hxg6 23. Qxg6 Nf6 24. Qf7+ Kh8 25. Ncxe6 Bxe6 26. Nxe6 Ra7 0-1

[Event "XXXIII Festival Conca della Presolana A"]
[Site "Bratto - Castione della Presolana ITA"]
[Date "2013.08.21"]
[Round "4"]
[White "Onida, Davide"]
[Black "Giancotti, Eraldo"]
[WhiteElo "1783"]
[BlackElo "2047"]
[Result "1-0"]
[PlyCount "107"]
[EventDate "2013.08.18"]

1. e4 d5 2. exd5 Qxd5 3. Nc3 Qd6 4. d4 g6 5. Be2 Bg7 6. Nf3 Nf6 7. Nb5 Qd8 8.
O-O c6 9. Na3 O-O 10. c3 Nbd7 11. Nc4 Nd5 12. Re1 c5 13. dxc5 Nxc5 14. Nce5 Be6
15. Bf1 Qc7 16. Qe2 Rad8 17. Nd4 Bc8 18. g3 a6 19. Bg2 f6 20. Ng4 e5 21. Nc2
Be6 22. Nge3 Nb6 23. b3 f5 24. Ba3 Rf7 25. Rad1 Rxd1 26. Rxd1 e4 27. Bxc5 Qxc5
28. Rd8+ Rf8 29. Rxf8+ Kxf8 30. c4 Qd6 31. f3 f4 32. gxf4 Qxf4 33. fxe4 Ke7 34.
Nd5+ Bxd5 35. exd5+ Be5 36. h3 Kd6 37. Ne1 Qh2+ 38. Kf1 Qf4+ 39. Nf3 Nd7 40. b4
b6 41. Kg1 Bd4+ 42. Kh1 Be3 43. c5+ Kxd5 44. Ne1+ Ke6 45. Nc2 Qf2 46. Qc4+ Kf6
47. Qc3+ Ke6 48. Nxe3 bxc5 49. Qc4+ Ke7 50. Qe4+ Kd8 51. Nd5 Qf8 52. Qe6 cxb4
53. Qxa6 Ke8 54. Nc7+ 1-0

[Event "XXXIII Festival Conca della Presolana A"]
[Site "Bratto - Castione della Presolana ITA"]
[Date "2013.08.21"]
[Round "4"]
[White "Oteri, Aldo"]
[Black "Bonassi, Tommaso"]
[WhiteElo "1772"]
[BlackElo "1949"]
[Result "1/2-1/2"]
[PlyCount "120"]
[EventDate "2013.08.18"]

1. e4 c5 2. Nf3 a6 3. c3 d6 4. d4 Nf6 5. Bd3 cxd4 6. cxd4 Nc6 7. O-O g6 8. Nc3
Bg7 9. h3 O-O 10. a4 Bd7 11. Be3 Kh8 12. Qd2 Ng8 13. Rfd1 Na5 14. Ra3 Rc8 15.
Qe2 Nc6 16. d5 Nb4 17. a5 Nxd3 18. Qxd3 f5 19. Bd4 Nf6 20. e5 dxe5 21. Bb6 Qe8
22. Nxe5 g5 23. Nxd7 Qxd7 24. Qe3 h6 25. Bc5 Rfe8 26. Na4 Qb5 27. b4 Rcd8 28.
Nb6 e6 29. d6 Nd7 30. Rc3 Bxc3 31. Qxc3+ Kg8 32. Re1 Kf7 33. Nxd7 Qxd7 34. Qe5
Qc6 35. f4 Qd5 36. Qe3 Kg6 37. g4 Rxd6 38. gxf5+ Kxf5 39. Bxd6 Qxd6 40. fxg5
hxg5 41. Qe4+ Kf6 42. Rf1+ Kg7 43. Qxb7+ Re7 44. Qf3 Qe5 45. Rf2 Kg6 46. h4 Qf5
47. Qg3 Qd5 48. Rg2 Rd7 49. Qxg5+ Qxg5 50. Rxg5+ Kf6 51. b5 axb5 52. Rxb5 Rd1+
53. Kg2 Ra1 54. Kf3 Ra4 55. h5 e5 56. h6 e4+ 57. Kf4 Kf7 58. Kf5 e3 59. Re5 e2
60. h7 Kg7 1/2-1/2

[Event "XXXIII Festival Conca della Presolana A"]
[Site "Bratto - Castione della Presolana ITA"]
[Date "2013.08.21"]
[Round "4"]
[White "Peron, Davide"]
[Black "Morandi, Daniele"]
[WhiteElo "1784"]
[BlackElo "1893"]
[Result "1/2-1/2"]
[PlyCount "120"]
[EventDate "2013.08.18"]

1. e4 e5 2. Nf3 Nc6 3. Bb5 a6 4. Ba4 Nf6 5. O-O Be7 6. Re1 b5 7. Bb3 d6 8. h3
O-O 9. c3 Na5 10. Bc2 c5 11. d4 Qc7 12. Nbd2 Nc6 13. d5 Na5 14. b3 Bd7 15. Nf1
Rfb8 16. Ng3 c4 17. b4 Nb7 18. Be3 a5 19. a3 axb4 20. axb4 Nd8 21. Qb1 Qb7 22.
Qb2 Rxa1 23. Rxa1 Ra8 24. Ra3 Ra6 25. Qa2 Bc8 26. Rxa6 Qxa6 27. Qxa6 Bxa6 28.
Bb6 g6 29. Kf1 Nd7 30. Bc7 Nb7 31. Ke1 Bd8 32. Bxd8 Nxd8 33. Kd2 f6 34. Nh2 Nf7
35. Nhf1 Kg7 36. Ne3 Nh6 37. f3 Kf7 38. Ne2 Ng8 39. Nc1 Ne7 40. Bb1 Nb6 41. Nd1
f5 42. Ke3 f4+ 43. Kd2 g5 44. Ke2 Bc8 45. Bc2 h5 46. Kd2 Ng6 47. Ke2 Bd7 48.
Kf2 Nh4 49. Ne2 Ng6 50. Nb2 Ke7 51. Bd1 Kf6 52. Nc1 g4 53. fxg4 hxg4 54. hxg4
Kg5 55. Bc2 Bxg4 56. Ne2 Bh5 57. Ng1 Nh4 58. Nh3+ Kf6 59. Ng1 Ng6 60. Nf3 Ne7
1/2-1/2

[Event "XXXIII Festival Conca della Presolana A"]
[Site "Bratto - Castione della Presolana ITA"]
[Date "2013.08.21"]
[Round "4"]
[White "Razzano, Lorenzo"]
[Black "Mortola, Alberto"]
[WhiteElo "1988"]
[BlackElo "1936"]
[Result "1/2-1/2"]
[PlyCount "43"]
[EventDate "2013.08.18"]

1. g3 g6 2. Bg2 Bg7 3. d3 f5 4. Nc3 Nf6 5. e4 fxe4 6. dxe4 e5 7. Nd5 O-O 8. Bg5
d6 9. Qd2 Be6 10. h4 Nbd7 11. h5 Bxd5 12. exd5 Qe8 13. hxg6 Qxg6 14. O-O-O Nc5
15. Bxf6 Qxf6 16. f3 e4 17. c3 Rae8 18. fxe4 Nxe4 19. Bxe4 Rxe4 20. Ne2 Qf2 21.
Nf4 Qxd2+ 22. Rxd2 1/2-1/2

[Event "XXXIII Festival Conca della Presolana A"]
[Site "Bratto - Castione della Presolana ITA"]
[Date "2013.08.21"]
[Round "4"]
[White "Rizzi, Volfango"]
[Black "Listello, Massimiliano"]
[WhiteElo "1916"]
[BlackElo "1767"]
[Result "0-1"]
[PlyCount "72"]
[EventDate "2013.08.18"]

1. e4 c5 2. c3 d5 3. exd5 Qxd5 4. Nf3 Nf6 5. Be2 e5 6. d3 h6 7. Na3 Nc6 8. Nb5
Qd8 9. O-O a6 10. Na3 Be7 11. Nc4 Qc7 12. a4 Be6 13. b3 O-O 14. Re1 Rfd8 15.
Qc2 Nd5 16. Bf1 Bf6 17. Bb2 Nf4 18. Rad1 Bf5 19. Ne3 Bg6 20. g3 Bh5 21. Bg2
Nxg2 22. Kxg2 Qc8 23. Rd2 Bxf3+ 24. Kxf3 Qh3 25. Rh1 Bg5 26. Rdd1 e4+ 27. dxe4
Ne5+ 28. Ke2 Qh5+ 29. Ke1 Qf3 30. Rf1 Bxe3 31. fxe3 Qxe3+ 32. Qe2 Rxd1+ 33.
Kxd1 Rd8+ 34. Ke1 Nd3+ 35. Kd1 Nf2+ 36. Kc2 Qxe2+ 0-1

[Event "XXXIII Festival Conca della Presolana A"]
[Site "Bratto - Castione della Presolana ITA"]
[Date "2013.08.21"]
[Round "4"]
[White "Saracco, Marco"]
[Black "Vlug, Andre"]
[WhiteElo "1872"]
[BlackElo "1847"]
[Result "1/2-1/2"]
[PlyCount "92"]
[EventDate "2013.08.18"]

1. d4 Nf6 2. Nf3 g6 3. g3 Bg7 4. Bg2 O-O 5. O-O d6 6. b3 c5 7. e3 Bg4 8. Bb2
Nc6 9. h3 Bf5 10. a3 cxd4 11. exd4 Nd7 12. Nbd2 Nb6 13. c4 Rc8 14. Re1 Rc7 15.
Nf1 Re8 16. Ne3 Bd7 17. Qd2 Qc8 18. Kh2 f6 19. d5 Ne5 20. Nxe5 fxe5 21. Rac1
Rf8 22. Rf1 Rf7 23. a4 Qf8 24. a5 Na8 25. Kg1 Qc8 26. Kh2 Bh6 27. Qe2 Rc5 28.
Bc3 Qf8 29. b4 Rc7 30. Bd2 Qc8 31. Rc3 b6 32. axb6 Nxb6 33. Rfc1 Qf8 34. Kg1
Qc8 35. g4 Bg7 36. Be4 Bf6 37. Qd3 Bh4 38. f3 Kg7 39. Ng2 Bg3 40. Ne3 Bf4 41.
Kg2 Rf6 42. Qc2 e6 43. Qd3 Bxe3 44. Bxe3 exd5 45. cxd5 Rxc3 46. Rxc3 Qb8
1/2-1/2

[Event "XXXIII Festival Conca della Presolana A"]
[Site "Bratto - Castione della Presolana ITA"]
[Date "2013.08.21"]
[Round "4"]
[White "Villa, Claudio"]
[Black "Savoldelli, Dario"]
[WhiteElo "1766"]
[BlackElo "1852"]
[Result "1/2-1/2"]
[PlyCount "54"]
[EventDate "2013.08.18"]

1. d4 Nf6 2. c4 g6 3. Nf3 Bg7 4. g3 O-O 5. Bg2 d6 6. O-O Nbd7 7. Nc3 c5 8. Qc2
cxd4 9. Nxd4 a6 10. Rd1 Qc7 11. b3 Rb8 12. Bb2 Re8 13. Qd2 Qa5 14. a3 Qh5 15.
Nf3 Nc5 16. Nd4 Bh3 17. Nd5 Nxd5 18. Bxd5 e5 19. Bf3 Bg4 20. b4 Na4 21. Bxg4
Qxg4 22. Nf3 Nxb2 23. Qxb2 e4 24. Nd4 Qh3 25. f4 exf3 26. exf3 Re3 27. Qf2 Rbe8
1/2-1/2

[Event "XXXIII Festival Conca della Presolana A"]
[Site "Bratto - Castione della Presolana ITA"]
[Date "2013.08.21"]
[Round "4"]
[White "Zuliani, Francesco"]
[Black "Guerini, Silvia jr"]
[WhiteElo "1803"]
[BlackElo "1773"]
[Result "1/2-1/2"]
[PlyCount "82"]
[EventDate "2013.08.18"]

1. e4 c6 2. Nc3 d5 3. Nf3 Bg4 4. h3 Bxf3 5. Qxf3 e6 6. d3 Nd7 7. Bd2 Ngf6 8. g4
Nb6 9. O-O-O d4 10. Ne2 e5 11. g5 Nfd7 12. h4 Qc7 13. Bh3 Be7 14. Rdf1 f6 15.
Qg3 O-O-O 16. f4 Rdf8 17. fxe5 fxe5 18. Ba5 Bd6 19. Bxb6 axb6 20. Qg4 Qd8 21.
Ng3 g6 22. Rf6 Kc7 23. Rxf8 Rxf8 24. Qxd7+ Qxd7 25. Bxd7 Kxd7 26. Rf1 Rf4 27.
Rh1 Be7 28. Kd1 Ke6 29. Ke2 Kf7 30. Rf1 Kg7 31. Rxf4 exf4 32. Nh1 h6 33. Kf3
hxg5 34. hxg5 Bxg5 35. Nf2 Bh4 36. Ng4 g5 37. e5 Kf7 38. Ke4 Ke6 39. c4 c5 40.
a4 Be1 41. Nh2 Bg3 1/2-1/2

[Event "XXXIII Festival Conca della Presolana A"]
[Site "Bratto - Castione della Presolana ITA"]
[Date "2013.08.22"]
[Round "5"]
[White "Benazzo, Angelo"]
[Black "Dieli, Alberto"]
[WhiteElo "1788"]
[BlackElo "1974"]
[Result "0-1"]
[PlyCount "126"]
[EventDate "2013.08.18"]

1. Nf3 Nf6 2. g3 g6 3. Bg2 Bg7 4. O-O O-O 5. d3 d5 6. Nbd2 Nc6 7. c3 e5 8. Qc2
Bg4 9. h3 Be6 10. e4 dxe4 11. dxe4 Qd7 12. Ng5 Rad8 13. Nxe6 Qxe6 14. Nb3 Qc4
15. Nd2 Qe2 16. Qa4 Rxd2 17. Bxd2 Qxd2 18. Qb5 Rb8 19. Rad1 Qc2 20. Rc1 Qd2 21.
Rcd1 Qg5 22. Rd3 a6 23. Qa4 Bf8 24. Qc4 Bd6 25. b4 Nh5 26. Rf3 Qe7 27. Kh2 Nd8
28. a3 Ne6 29. h4 h6 30. Bh3 Nhg7 31. Rh1 Rf8 32. Qd5 b6 33. Qd2 Kh7 34. Rd3 f5
35. f3 f4 36. g4 Qxh4 37. Kg1 Qe7 38. Bf1 h5 39. Rd5 Ra8 40. Bc4 h4 41. Qh2 g5
42. Qe2 a5 43. Kg2 axb4 44. axb4 Qd7 45. Rhd1 Qa4 46. R5d2 Qe8 47. Bb5 Qe7 48.
Bc6 Ra3 49. Rc2 Ne8 50. Bd5 Nf6 51. Ba2 Kg6 52. Qc4 Nd8 53. Qd3 Nc6 54. Qd2 Qd7
55. Kh3 Nxb4 56. Rb2 Nxa2 57. Rxa2 Qa4 58. Rda1 Rxa2 59. Rxa2 Qc4 60. Ra1 Nd7
61. Ra8 Qf1+ 62. Kh2 Nf6 63. Qa2 Kg7 0-1

[Event "XXXIII Festival Conca della Presolana A"]
[Site "Bratto - Castione della Presolana ITA"]
[Date "2013.08.22"]
[Round "5"]
[White "Boccalatte, Piero"]
[Black "Foglieni, Matteo"]
[WhiteElo "1972"]
[BlackElo "1809"]
[Result "1/2-1/2"]
[PlyCount "86"]
[EventDate "2013.08.18"]

1. d4 f5 2. g3 Nf6 3. c4 e6 4. Bg2 Be7 5. Nh3 d6 6. b3 O-O 7. Bb2 Re8 8. O-O
Bf8 9. Nf4 Nbd7 10. Nd3 c6 11. Nd2 e5 12. dxe5 dxe5 13. e4 Nc5 14. Nxc5 Bxc5
15. Qc2 g6 16. Rad1 Qb6 17. Bf3 f4 18. gxf4 Ng4 19. Bxg4 Bxg4 20. Rde1 Rad8 21.
Bxe5 Rxe5 22. fxe5 Rf8 23. Nb1 Bh3 24. Nc3 Rf4 25. Kh1 Bxf2 26. Qd3 Bg4 27. Na4
Qc7 28. Rxf2 Rxf2 29. Qg3 Bf3+ 30. Kg1 Rg2+ 31. Qxg2 Bxg2 32. Kxg2 Qxe5 33. Re2
Qh5 34. Kf1 Qf3+ 35. Ke1 g5 36. e5 Qh1+ 37. Kd2 Kf7 38. e6+ Ke7 39. Nc3 Qf3 40.
Nd1 Qf4+ 41. Kd3 Qf3+ 42. Kd2 Qf4+ 43. Kd3 Qf3+ 1/2-1/2

[Event "XXXIII Festival Conca della Presolana A"]
[Site "Bratto - Castione della Presolana ITA"]
[Date "2013.08.22"]
[Round "5"]
[White "Bonassi, Tommaso"]
[Black "Delledonne, Francesco"]
[WhiteElo "1949"]
[BlackElo "1916"]
[Result "1/2-1/2"]
[PlyCount "65"]
[EventDate "2013.08.18"]

1. e4 e6 2. Nf3 d5 3. e5 c5 4. b4 d4 5. bxc5 Bxc5 6. Ba3 Qb6 7. Bxc5 Qxc5 8. c3
Nc6 9. cxd4 Nxd4 10. Qa4+ Nc6 11. Nc3 Qb4 12. Bb5 Qxa4 13. Bxa4 Nge7 14. Nd4
Bd7 15. Nxc6 Nxc6 16. f4 a6 17. Ne4 Nxe5 18. fxe5 Bxa4 19. Nd6+ Ke7 20. Nxb7 f6
21. d4 fxe5 22. dxe5 Rhf8 23. Nd6 Rab8 24. Rf1 Rxf1+ 25. Kxf1 Rb2 26. Rc1 Rxa2
27. Rc7+ Bd7 28. Nb7 Rd2 29. Nc5 Kd8 30. Ra7 Rd5 31. Nxd7 Rxd7 32. Rxa6 Ke7 33.
Ra3 1/2-1/2

[Event "XXXIII Festival Conca della Presolana A"]
[Site "Bratto - Castione della Presolana ITA"]
[Date "2013.08.22"]
[Round "5"]
[White "Bosticardo, Tommaso"]
[Black "Gemelli, Giovanni"]
[WhiteElo "1900"]
[BlackElo "1842"]
[Result "1-0"]
[PlyCount "81"]
[EventDate "2013.08.18"]

1. d4 Nf6 2. c4 g6 3. Nc3 Bg7 4. e4 d6 5. f3 O-O 6. Be3 e5 7. Nge2 Nc6 8. d5
Ne7 9. g4 c6 10. Qd2 Ne8 11. O-O-O cxd5 12. cxd5 Bd7 13. Ng3 a6 14. h4 b5 15.
Kb1 b4 16. Nce2 a5 17. h5 Rb8 18. Bh6 b3 19. a3 Qc7 20. Rc1 Qb6 21. Bxg7 Nxg7
22. Qh6 a4 23. hxg6 fxg6 24. Qxh7+ Kf7 25. Qh2 Rh8 26. Qg1 Qxg1 27. Nxg1 Rxh1
28. Nxh1 Bb5 29. Bxb5 Rxb5 30. Ne2 Ne8 31. Rc4 Ra5 32. Nc3 Kf6 33. Kc1 Kg5 34.
Kd2 Kf4 35. Ke2 Nf6 36. Kf2 Kg5 37. Rxa4 Rc5 38. Kg3 Nc8 39. Rb4 Nd7 40. Rxb3
Ndb6 41. Nf2 1-0

[Event "XXXIII Festival Conca della Presolana A"]
[Site "Bratto - Castione della Presolana ITA"]
[Date "2013.08.22"]
[Round "5"]
[White "Domenighini, Alessandro"]
[Black "Zuliani, Francesco"]
[WhiteElo "1763"]
[BlackElo "1803"]
[Result "1/2-1/2"]
[PlyCount "76"]
[EventDate "2013.08.18"]

1. d4 Nf6 2. c4 g6 3. Nc3 Bg7 4. Nf3 O-O 5. e4 d6 6. Bg5 h6 7. Bf4 Nh5 8. Be3
e5 9. d5 a5 10. Qd2 Kh7 11. Be2 Nf6 12. h3 Na6 13. Nh2 Nc5 14. Bf3 a4 15. Ng4
Ng8 16. h4 h5 17. Nh2 Nf6 18. Bg5 Qe8 19. Qe2 Rh8 20. Nb5 Qd7 21. Rd1 Ng4 22.
Bxg4 hxg4 23. Nf1 f6 24. Bc1 f5 25. f3 f4 26. fxg4 Qxg4 27. Nxc7 Qxe2+ 28. Kxe2
Bg4+ 29. Ke1 Rad8 30. Rd2 Nxe4 31. Rc2 Nc5 32. Rc3 Rd7 33. Nb5 e4 34. Ra3 Bxb2
35. Bxb2 Re8 36. Bd4 e3 37. h5 gxh5 38. Nh2 Bf5 1/2-1/2

[Event "XXXIII Festival Conca della Presolana A"]
[Site "Bratto - Castione della Presolana ITA"]
[Date "2013.08.22"]
[Round "5"]
[White "Dubois, Martine"]
[Black "Grazzi, Roberto"]
[WhiteElo "1995"]
[BlackElo "2021"]
[Result "1/2-1/2"]
[PlyCount "44"]
[EventDate "2013.08.18"]

1. e4 e5 2. Nf3 Nc6 3. Nc3 Nf6 4. g3 Bc5 5. Bg2 d6 6. d3 h6 7. O-O Be6 8. Be3
Bxe3 9. fxe3 Ne7 10. Nh4 c6 11. Nf5 Bxf5 12. exf5 d5 13. Qf3 Qd6 14. a4 a5 15.
Ne2 O-O 16. g4 g5 17. Qg3 Rad8 18. c3 Nd7 19. b4 b6 20. Rfb1 Rb8 21. d4 f6 22.
Kf2 Kg7 1/2-1/2

[Event "XXXIII Festival Conca della Presolana A"]
[Site "Bratto - Castione della Presolana ITA"]
[Date "2013.08.22"]
[Round "5"]
[White "Giancotti, Eraldo"]
[Black "Lazzarini, Sabrina"]
[WhiteElo "2047"]
[BlackElo "1824"]
[Result "0-1"]
[PlyCount "62"]
[EventDate "2013.08.18"]

1. d4 d5 2. Nf3 Nf6 3. g3 c6 4. Bg2 Bf5 5. O-O e6 6. c4 Nbd7 7. b3 Be7 8. Bb2
O-O 9. Nbd2 Ne4 10. a4 Ndf6 11. c5 b6 12. b4 bxc5 13. bxc5 Rb8 14. Nb3 Qc7 15.
Ne5 Rxb3 16. Qxb3 Nd2 17. Qa2 Nxf1 18. Bxf1 Ne4 19. a5 f6 20. Nd3 Rb8 21. e3
Nd2 22. Be2 Nb3 23. Rd1 Nxa5 24. Bc3 Nc4 25. Qa6 Rb3 26. Qa1 Qb7 27. Ne1 Na3
28. Bd3 Bxd3 29. Nxd3 Nc2 30. Qa5 Ra3 31. Qxa3 Nxa3 0-1

[Event "XXXIII Festival Conca della Presolana A"]
[Site "Bratto - Castione della Presolana ITA"]
[Date "2013.08.22"]
[Round "5"]
[White "Guerini, Sara"]
[Black "Saracco, Marco"]
[WhiteElo "1723"]
[BlackElo "1872"]
[Result "1-0"]
[PlyCount "113"]
[EventDate "2013.08.18"]

1. e4 e6 2. d4 d5 3. exd5 exd5 4. Bd3 Bd6 5. Nf3 Ne7 6. c3 O-O 7. Qc2 h6 8. h3
Re8 9. O-O Nd7 10. Re1 Nf8 11. Nbd2 Neg6 12. Rxe8 Qxe8 13. Nf1 c6 14. Ng3 Be6
15. Bd2 Bf4 16. Re1 Bxd2 17. Qxd2 Qd7 18. Ne5 Nxe5 19. Rxe5 f6 20. Rh5 Qf7 21.
f4 Re8 22. f5 Bd7 23. Rh4 Qe7 24. Kf2 Kh8 25. Rg4 g5 26. h4 Nh7 27. hxg5 hxg5
28. Ne2 Rg8 29. Rg3 Re8 30. Rh3 Kg8 31. Ng3 b6 32. Rh6 Rf8 33. Be2 Be8 34. Bh5
Bxh5 35. Nxh5 Qe4 36. Ng3 Qe7 37. Qe3 Re8 38. Qxe7 Rxe7 39. Nh5 Rf7 40. Ke3 Kf8
41. Rg6 Ke7 42. Rg7 Kf8 43. Rxf7+ Kxf7 44. Kd3 Ke7 45. Ng7 Kd6 46. Ne6 c5 47.
b3 Kc6 48. c4 Kd6 49. a3 a5 50. Kc3 Kc6 51. b4 axb4+ 52. axb4 dxc4 53. dxc5
bxc5 54. Nxc5 g4 55. Kxc4 Ng5 56. b5+ Kc7 57. Ne6+ 1-0